[Event "Schools-U15-17Open"]
[Site "Tehran2016"]
[Date "2016.07.10"]
[Round "6.10"]
[White "Ahmadi, Ali"]
[Black "Quizon, Daniel"]
[Result "1/2-1/2"]
[BlackElo "1583"]
[WhiteElo "1698"]
[LiveChessVersion "1.4.8"]

1. Nf3 {[%clk 0:15:08]} Nf6 {[%clk 0:15:19]} 2. g3 {[%clk 0:15:18]} g6
{[%clk 0:15:25]} 3. Bg2 {[%clk 0:15:27]} Bg7 {[%clk 0:15:34]} 4. O-O
{[%clk 0:15:33]} d6 {[%clk 0:15:44]} 5. d4 {[%clk 0:15:35]} O-O {[%clk 0:15:50]}
6. c3 {[%clk 0:15:15]} c5 {[%clk 0:15:51]} 7. Bg5 {[%clk 0:15:01]} Nbd7
{[%clk 0:15:56]} 8. Nbd2 {[%clk 0:15:03]} h6 {[%clk 0:15:54]} 9. Bxf6
{[%clk 0:15:07]} Nxf6 {[%clk 0:16:02]} 10. e3 {[%clk 0:15:03]} Rb8
{[%clk 0:16:04]} 11. Rc1 {[%clk 0:14:40]} b6 {[%clk 0:16:10]} 12. Ne1
{[%clk 0:14:36]} d5 {[%clk 0:15:59]} 13. Nd3 {[%clk 0:14:22]} Ba6
{[%clk 0:15:55]} 14. Nf3 {[%clk 0:13:53]} Qc7 {[%clk 0:15:17]} 15. Re1
{[%clk 0:13:58]} Rbc8 {[%clk 0:13:57]} 16. Nde5 {[%clk 0:13:31]} Bb7
{[%clk 0:13:42]} 17. Nd3 {[%clk 0:12:43]} Ne4 {[%clk 0:13:40]} 18. Nd2
{[%clk 0:12:22]} Rfd8 {[%clk 0:13:31]} 19. f3 {[%clk 0:11:37]} Nf6
{[%clk 0:13:12]} 20. Bh3 {[%clk 0:11:19]} Rb8 {[%clk 0:13:04]} 21. Ne5
{[%clk 0:11:09]} Bc8 {[%clk 0:12:57]} 22. Bg2 {[%clk 0:10:41]} Bb7
{[%clk 0:11:53]} 23. f4 {[%clk 0:10:36]} Rbc8 {[%clk 0:11:09]} 24. Bh3
{[%clk 0:10:32]} Rb8 {[%clk 0:10:51]} 25. Bg2 {[%clk 0:10:40]} Rbc8
{[%clk 0:11:01]} 26. Bh3 {[%clk 0:10:43]} Rb8 {[%clk 0:09:37]} 27. Bg2
{[%clk 0:10:42]} Nd7 {[%clk 0:09:33]} 28. Nxd7 {[%clk 0:10:03]} Qxd7
{[%clk 0:09:26]} 29. Nf3 {[%clk 0:10:03]} Qe8 {[%clk 0:08:45]} 30. Qd3
{[%clk 0:09:13]} f6 {[%clk 0:08:34]} 31. Nh4 {[%clk 0:08:55]} f5 {[%clk 0:07:26]}
32. Nf3 {[%clk 0:08:56]} e6 {[%clk 0:07:21]} 33. Ne5 {[%clk 0:08:12]} Kh7
{[%clk 0:07:13]} 34. Bh3 {[%clk 0:07:28]} Rbc8 {[%clk 0:06:57]} 35. Kf2
{[%clk 0:06:36]} Qe7 {[%clk 0:06:25]} 36. Rg1 {[%clk 0:06:28]} Rg8
{[%clk 0:06:33]} 37. Bg2 {[%clk 0:05:23]} Bxe5 {[%clk 0:06:28]} 38. fxe5
{[%clk 0:05:26]} Kg7 {[%clk 0:06:05]} 39. Rge1 {[%clk 0:05:13]} Rgf8
{[%clk 0:06:03]} 40. Kg1 {[%clk 0:05:22]} Qd7 {[%clk 0:06:11]} 41. Qd2
{[%clk 0:05:23]} Rfd8 {[%clk 0:05:58]} 42. Bf1 {[%clk 0:05:06]} a6
{[%clk 0:05:31]} 43. Bd3 {[%clk 0:04:37]} b5 {[%clk 0:05:26]} 44. b4
{[%clk 0:04:40]} c4 45. Bc2 {[%clk 0:04:26]} a5 {[%clk 0:05:08]} 46. a3
{[%clk 0:04:18]} Ra8 {[%clk 0:05:15]} 47. Ra1 {[%clk 0:04:27]} Ra7
{[%clk 0:05:18]} 48. Qc1 {[%clk 0:03:17]} Rda8 {[%clk 0:05:19]} 49. Qb2
{[%clk 0:03:24]} Bc6 {[%clk 0:05:24]} 50. bxa5 {[%clk 0:02:48]} Rxa5
{[%clk 0:05:32]} 51. Ra2 {[%clk 0:02:54]} Qe7 {[%clk 0:05:19]} 52. Rea1
{[%clk 0:02:54]} h5 {[%clk 0:05:07]} 53. Bb1 {[%clk 0:02:32]} Ra4
{[%clk 0:04:54]} 54. Bc2 {[%clk 0:02:36]} R4a7 {[%clk 0:04:54]} 55. Bb1
{[%clk 0:02:45]} Qg5 {[%clk 0:04:47]} 56. Qf2 {[%clk 0:02:16]} h4
{[%clk 0:04:47]} 57. Qf4 {[%clk 0:02:16]} Qxf4 {[%clk 0:04:00]} 58. exf4
{[%clk 0:01:16]} hxg3 {[%clk 0:03:28]} 59. hxg3 {[%clk 0:01:25]} Kh6
{[%clk 0:03:31]} 60. Rh2+ {[%clk 0:01:30]} Kg7 {[%clk 0:03:41]} 61. Rha2
{[%clk 0:01:40]} Kf7 {[%clk 0:02:56]} 62. Kg2 {[%clk 0:01:33]} 1/2-1/2

[Event "Schools-U15-17Open"]
[Site "Tehran2016"]
[Date "2016.07.10"]
[Round "6.11"]
[White "Toufani, Kourosh"]
[Black "Nurmamedov, Azat"]
[Result "0-1"]
[BlackElo "1691"]
[WhiteElo "1788"]
[LiveChessVersion "1.4.8"]

1. e4 c5 2. Nf3 d6 3. c3 Nf6 4. Be2 e6 5. O-O Be7 6. Re1 O-O 7. d3 Nc6 8. Nbd2
Bd7 9. Nf1 Qc7 10. Ng3 Rad8 11. d4 cxd4 12. cxd4 d5 13. e5 Ne4 14. Bd3 Nxg3 15.
hxg3 f5 16. Bb1 Qb6 17. a3 Na5 18. Ba2 Rc8 19. Bd2 Nc4 20. Bxc4 dxc4 21. Bc3 Bc6
22. Nd2 Bd5 23. Nf1 Rfd8 24. g4 f4 25. Qd2 Bg5 26. Ba5 c3 27. Bxc3 Bxg2 28. Nh2
Qc6 29. Rac1 Qd5 30. Qd3 f3 31. Rcd1 Bf4 32. Qe4 Bxh2+ 33. Kxh2 Rf8 34. Qxd5 exd5
35. Kg3 Rc6 36. Bb4 Re8 37. Bd6 g5 38. Rc1 Re6 39. Rh1 Rxc1 40. Rxc1 Rh6 41. Rc8+
Kf7 42. Rf8+ Kg7 43. Rxf3 Bxf3 44. Kxf3 Rh3+ 45. Kg2 Rb3 46. Bb8 a6 47. a4 Rxb2
48. a5 Kf7 49. Kg3 b6 50. axb6 Rxb6 51. Ba7 Rb3+ 52. f3 a5 53. Bc5 a4 0-1

[Event "Schools-U15-17Open"]
[Site "Tehran2016"]
[Date "2016.07.10"]
[Round "6.12"]
[White "Ramezani, Mahan"]
[Black "Nanayakkara, J A K Saranath"]
[Result "0-1"]
[BlackElo "1462"]
[WhiteElo "1862"]
[LiveChessVersion "1.4.8"]

1. e4 c5 2. Nf3 d6 3. c4 Nc6 4. Nc3 e5 5. Be2 g6 6. O-O Bg7 7. d3 Nge7 8. Be3 O-O
9. Nd2 Nd4 10. Bxd4 cxd4 11. Nd5 Nxd5 12. cxd5 f5 13. f4 exf4 14. Rxf4 Qg5 15.
Rf1 b5 16. Kh1 Bd7 17. Bf3 f4 18. Qe2 Qh4 19. h3 Rac8 20. Nb3 g5 21. Rac1 a6 22.
Bg4 Rxc1 23. Nxc1 Bxg4 24. Qxg4 Qxg4 25. hxg4 Rc8 26. Nb3 Rc2 27. Rc1 Rxb2 28.
Rc8+ Kf7 29. Rc7+ Kg6 30. Rc6 Be5 31. Kg1 Rxa2 32. Rb6 h5 33. gxh5+ Kxh5 34. Rb8
Kg4 35. Rg8 Ra3 36. Nd2 Bf6 37. Nf3 Kg3 38. Nh2 Ra1+ 39. Nf1+ Kg4 40. Rg6 Be5 41.
Kf2 Ra2+ 42. Kg1 Kh5 43. Rg8 b4 44. Rb8 a5 45. Nh2 Ra1+ 46. Kf2 g4 0-1

[Event "Schools-U15-17Open"]
[Site "Tehran2016"]
[Date "2016.07.10"]
[Round "7.1"]
[White "Molaei, Mohammadamin"]
[Black "Akhgari, Reza"]
[Result "1/2-1/2"]
[BlackElo "1939"]
[WhiteElo "2151"]
[LiveChessVersion "1.4.8"]

1. d4 d5 2. c4 e6 3. Nf3 Nf6 4. g3 Be7 5. Bg2 O-O 6. O-O c6 7. Qc2 Nbd7 8. Nbd2
b6 9. Rd1 Bb7 10. e4 dxe4 11. Nxe4 Nxe4 12. Qxe4 Nf6 13. Qe2 1/2-1/2

[Event "Schools-U15-17Open"]
[Site "Tehran2016"]
[Date "2016.07.10"]
[Round "7.2"]
[White "Tahbaz, Arash"]
[Black "Omidi, Arya"]
[Result "1/2-1/2"]
[BlackElo "2049"]
[WhiteElo "2138"]
[LiveChessVersion "1.4.8"]

1. d4 {[%clk 0:15:19]} d5 {[%clk 0:15:16]} 2. Nf3 {[%clk 0:15:17]} Nf6
{[%clk 0:15:24]} 3. c4 {[%clk 0:15:19]} c6 {[%clk 0:15:33]} 4. e3
{[%clk 0:15:21]} Bf5 {[%clk 0:15:05]} 5. Nc3 {[%clk 0:15:28]} e6 {[%clk 0:14:43]}
6. h3 {[%clk 0:15:35]} h6 {[%clk 0:14:49]} 7. Bd3 {[%clk 0:15:31]} Bxd3
{[%clk 0:14:33]} 8. Qxd3 {[%clk 0:15:39]} Nbd7 {[%clk 0:14:34]} 9. O-O
{[%clk 0:15:39]} Bd6 {[%clk 0:14:12]} 10. e4 {[%clk 0:15:26]} dxe4
{[%clk 0:14:30]} 11. Nxe4 {[%clk 0:15:35]} Nxe4 {[%clk 0:14:39]} 12. Qxe4
{[%clk 0:15:44]} Nf6 {[%clk 0:14:48]} 13. Qe2 {[%clk 0:15:42]} O-O
{[%clk 0:14:55]} 14. b3 {[%clk 0:15:46]} a5 {[%clk 0:14:53]} 15. a3
{[%clk 0:15:55]} Be7 {[%clk 0:13:34]} 16. Bb2 {[%clk 0:15:49]} Qb6
{[%clk 0:13:41]} 17. Qc2 {[%clk 0:15:44]} Rfd8 {[%clk 0:13:25]} 18. Rad1
{[%clk 0:15:49]} Rac8 {[%clk 0:13:29]} 19. Rfe1 {[%clk 0:15:57]} Qc7
{[%clk 0:13:29]} 20. Ne5 {[%clk 0:16:05]} Bd6 {[%clk 0:13:10]} 21. Qe2
{[%clk 0:15:37]} Qe7 {[%clk 0:13:17]} 22. a4 {[%clk 0:15:44]} Bb4
{[%clk 0:11:37]} 23. Rf1 {[%clk 0:14:58]} Nd7 {[%clk 0:11:31]} 24. f4
{[%clk 0:14:58]} Nf8 {[%clk 0:11:31]} 25. Qg4 {[%clk 0:14:58]} f6
{[%clk 0:11:30]} 26. Nd3 {[%clk 0:14:28]} Bd6 {[%clk 0:11:20]} 27. Rde1
{[%clk 0:13:02]} Qf7 {[%clk 0:09:55]} 28. Re2 {[%clk 0:11:33]} Bb8
{[%clk 0:09:55]} 29. Kh1 {[%clk 0:11:33]} Ba7 {[%clk 0:10:05]} 30. f5
{[%clk 0:11:28]} e5 {[%clk 0:09:55]} 31. Nxe5 {[%clk 0:11:03]} fxe5
{[%clk 0:09:59]} 32. dxe5 {[%clk 0:11:11]} Re8 {[%clk 0:09:02]} 33. Ree1
{[%clk 0:10:14]} Qe7 {[%clk 0:06:45]} 34. f6 {[%clk 0:07:30]} Qf7
{[%clk 0:06:55]} 35. e6 {[%clk 0:07:20]} Nxe6 {[%clk 0:06:51]} 36. fxg7
{[%clk 0:07:29]} Nf4 {[%clk 0:05:55]} 37. Rxe8+ Rxe8 38. Bc1 {[%clk 0:06:47]} Nh5
{[%clk 0:05:02]} 39. Rxf7 {[%clk 0:05:34]} Re1+ {[%clk 0:05:07]} 40. Kh2
{[%clk 0:05:35]} Bg1+ {[%clk 0:05:04]} 41. Kh1 {[%clk 0:05:44]} Bf2+
{[%clk 0:04:36]} 42. Kh2 {[%clk 0:05:51]} Bg1+ 1/2-1/2

[Event "Schools-U15-17Open"]
[Site "Tehran2016"]
[Date "2016.07.10"]
[Round "7.3"]
[White "Sheykhali, Mohammadreza"]
[Black "Kashefi, Amir Hosein"]
[Result "0-1"]
[BlackElo "1962"]
[WhiteElo "2092"]
[LiveChessVersion "1.4.8"]

1. e3 Nf6 2. c4 e6 3. Nc3 b6 4. Nf3 Bb7 5. d4 Bb4 6. Bd2 O-O 7. Bd3 c5 8. O-O d6
9. a3 Bxc3 10. Bxc3 Nbd7 11. b4 Re8 12. dxc5 dxc5 13. Ne5 Re7 14. Qc2 h6 15. Rfd1
Qc7 16. f4 Rd8 17. Rab1 Qc8 18. h3 Qa8 19. Rbc1 Nxe5 20. Bxe5 Red7 21. Bxf6 gxf6
22. Bf1 Be4 23. Qb3 Qc6 24. Rxd7 Qxd7 25. bxc5 Qd2 26. Qc3 bxc5 27. Qxd2 Rxd2 28.
Rc3 Rb2 29. Kh2 Kg7 30. Kg3 Kg6 31. a4 a5 32. h4 Kf5 33. Kh3 h5 34. Rc1 Rd2 35.
Re1 Ra2 36. Be2 Kg6 37. Kg3 Rxa4 38. Kf2 Ra2 39. Rd1 a4 40. Rd8 f5 41. g3 a3 42.
Ke1 Ra1+ 43. Kd2 Rb1 0-1

[Event "Schools-U15-17Open"]
[Site "Tehran2016"]
[Date "2016.07.10"]
[Round "7.4"]
[White "Safiri, Ali"]
[Black "Ganjali, Hossein"]
[Result "0-1"]
[BlackElo "1977"]
[WhiteElo "1972"]
[LiveChessVersion "1.4.8"]

1. e4 {[%clk 0:15:11]} e6 {[%clk 0:15:19]} 2. d4 {[%clk 0:15:12]} d5
{[%clk 0:15:28]} 3. Nd2 {[%clk 0:15:19]} Nc6 {[%clk 0:15:36]} 4. Ngf3
{[%clk 0:14:48]} Nf6 {[%clk 0:15:44]} 5. e5 {[%clk 0:14:18]} Nd7 {[%clk 0:15:52]}
6. Nb3 {[%clk 0:14:19]} a5 {[%clk 0:15:56]} 7. a4 {[%clk 0:14:24]} Be7
{[%clk 0:15:59]} 8. Bb5 {[%clk 0:14:16]} Ncb8 {[%clk 0:15:50]} 9. O-O
{[%clk 0:14:05]} O-O {[%clk 0:15:56]} 10. c3 {[%clk 0:13:24]} b6 {[%clk 0:16:03]}
11. Qe2 {[%clk 0:12:16]} Ba6 {[%clk 0:16:07]} 12. Bxa6 {[%clk 0:12:24]} Nxa6
{[%clk 0:16:13]} 13. Bf4 {[%clk 0:12:06]} c5 {[%clk 0:16:14]} 14. Be3
{[%clk 0:09:46]} Qc8 {[%clk 0:15:57]} 15. Rfd1 {[%clk 0:07:58]} Qc6
{[%clk 0:15:53]} 16. h4 {[%clk 0:07:34]} Rfb8 {[%clk 0:15:45]} 17. h5
{[%clk 0:06:49]} h6 {[%clk 0:15:48]} 18. Nh2 {[%clk 0:06:42]} c4 {[%clk 0:15:50]}
19. Nd2 {[%clk 0:06:46]} b5 {[%clk 0:15:54]} 20. Qg4 {[%clk 0:05:58]} Kh8
{[%clk 0:15:49]} 21. f4 {[%clk 0:06:04]} bxa4 {[%clk 0:15:47]} 22. Ra2
{[%clk 0:06:12]} a3 {[%clk 0:15:39]} 23. bxa3 {[%clk 0:06:15]} a4
{[%clk 0:15:12]} 24. Rf1 {[%clk 0:06:13]} Rf8 {[%clk 0:15:08]} 25. f5
{[%clk 0:06:21]} exf5 {[%clk 0:15:16]} 26. Qxf5 {[%clk 0:06:27]} Qe6
{[%clk 0:15:24]} 27. Qf3 {[%clk 0:05:54]} Nc7 {[%clk 0:15:24]} 28. g4
{[%clk 0:05:41]} f6 {[%clk 0:15:17]} 29. exf6 {[%clk 0:04:51]} Rxf6
{[%clk 0:15:15]} 30. Qg3 {[%clk 0:04:39]} Rxf1+ {[%clk 0:15:15]} 31. Ndxf1
{[%clk 0:04:46]} Bd6 {[%clk 0:15:14]} 32. Bf4 {[%clk 0:04:46]} Bxf4
{[%clk 0:15:19]} 33. Qxf4 {[%clk 0:04:54]} Nb5 {[%clk 0:15:28]} 34. Rg2
{[%clk 0:04:51]} Rf8 {[%clk 0:15:35]} 35. Qc1 {[%clk 0:04:53]} Nf6
{[%clk 0:15:00]} 36. Qb2 {[%clk 0:03:46]} Nd6 {[%clk 0:15:02]} 37. Qf2
{[%clk 0:03:26]} Rf7 {[%clk 0:15:00]} 38. Qh4 {[%clk 0:03:33]} Nde4
{[%clk 0:15:02]} 39. Re2 {[%clk 0:02:33]} Qb6 {[%clk 0:15:02]} 40. Ne3
{[%clk 0:02:24]} Nxc3 {[%clk 0:15:04]} 41. Rg2 {[%clk 0:01:40]} Qxd4
{[%clk 0:15:09]} 42. Qh3 {[%clk 0:01:43]} Re7 {[%clk 0:15:12]} 43. Nhf1
{[%clk 0:01:49]} Nd1 {[%clk 0:15:14]} 44. Rg3 {[%clk 0:01:30]} Nxe3
{[%clk 0:15:18]} 45. Nxe3 {[%clk 0:01:29]} Rxe3 {[%clk 0:15:19]} 0-1

[Event "Schools-U15-17Open"]
[Site "Tehran2016"]
[Date "2016.07.10"]
[Round "7.5"]
[White "Pangilinan, Stephen Rome"]
[Black "Myradow, Soltan"]
[Result "0-1"]
[BlackElo "1854"]
[WhiteElo "1862"]
[LiveChessVersion "1.4.8"]

1. e4 {[%clk 0:15:18]} e6 {[%clk 0:15:20]} 2. d3 {[%clk 0:15:22]} d5
{[%clk 0:15:29]} 3. Nd2 {[%clk 0:15:31]} Nf6 {[%clk 0:15:32]} 4. Ngf3
{[%clk 0:15:39]} c5 {[%clk 0:15:39]} 5. g3 {[%clk 0:15:48]} Nc6 {[%clk 0:15:47]}
6. Bg2 {[%clk 0:15:55]} Bd6 {[%clk 0:15:51]} 7. O-O {[%clk 0:15:57]} O-O
{[%clk 0:15:59]} 8. Re1 {[%clk 0:15:56]} Qc7 {[%clk 0:16:06]} 9. c3
{[%clk 0:15:55]} b5 {[%clk 0:15:45]} 10. Qe2 {[%clk 0:15:58]} Nd7
{[%clk 0:15:50]} 11. Nf1 {[%clk 0:15:54]} b4 {[%clk 0:15:18]} 12. exd5
{[%clk 0:15:31]} exd5 {[%clk 0:15:26]} 13. Ne3 {[%clk 0:15:38]} Nf6
{[%clk 0:15:05]} 14. Nh4 {[%clk 0:15:28]} Re8 {[%clk 0:13:57]} 15. Qd2
{[%clk 0:15:18]} bxc3 {[%clk 0:13:38]} 16. bxc3 {[%clk 0:15:24]} d4
{[%clk 0:13:28]} 17. Nc4 {[%clk 0:14:10]} Bb7 {[%clk 0:12:47]} 18. Bb2
{[%clk 0:14:01]} Bf8 {[%clk 0:11:53]} 19. Nf5 {[%clk 0:12:54]} g6
{[%clk 0:10:53]} 20. Qg5 {[%clk 0:12:49]} Nd7 {[%clk 0:07:50]} 21. Nh6+
{[%clk 0:11:44]} Bxh6 {[%clk 0:07:50]} 22. Qxh6 {[%clk 0:11:52]} Nce5
{[%clk 0:07:05]} 23. cxd4 {[%clk 0:07:49]} Nxd3 {[%clk 0:06:55]} 24. d5
{[%clk 0:07:29]} Nxb2 {[%clk 0:05:32]} 25. Nxb2 {[%clk 0:07:37]} Qa5
{[%clk 0:04:41]} 26. Red1 {[%clk 0:07:25]} Ne5 {[%clk 0:04:34]} 27. Qf4
{[%clk 0:06:36]} Rad8 {[%clk 0:04:16]} 28. Qd2 {[%clk 0:03:50]} Qa3
{[%clk 0:02:04]} 29. Rac1 {[%clk 0:01:35]} Nf3+ {[%clk 0:01:06]} 30. Bxf3
{[%clk 0:01:43]} Qxf3 {[%clk 0:01:14]} 31. Rxc5 {[%clk 0:00:18]} Re2
{[%clk 0:01:00]} 32. Qd4 {[%clk 0:00:16]} Bxd5 {[%clk 0:01:01]} 33. Kf1
{[%clk 0:00:16]} Rde8 {[%clk 0:00:53]} 0-1

[Event "Schools-U15-17Open"]
[Site "Tehran2016"]
[Date "2016.07.10"]
[Round "7.6"]
[White "Pourghanbarzad Lashtnesha, Arm"]
[Black "Hakemi, Arman"]
[Result "1-0"]
[BlackElo "1964"]
[WhiteElo "2138"]
[LiveChessVersion "1.4.8"]

1. e4 {[%clk 0:15:18]} c5 {[%clk 0:15:16]} 2. Nf3 {[%clk 0:15:26]} e6
{[%clk 0:15:20]} 3. d4 {[%clk 0:15:32]} cxd4 {[%clk 0:15:23]} 4. Nxd4
{[%clk 0:15:40]} a6 {[%clk 0:15:29]} 5. c4 {[%clk 0:15:36]} Nf6 {[%clk 0:15:34]}
6. Nc3 {[%clk 0:15:43]} Bb4 {[%clk 0:15:42]} 7. Bd3 {[%clk 0:15:46]} Qc7
{[%clk 0:15:42]} 8. O-O {[%clk 0:15:20]} O-O {[%clk 0:15:45]} 9. Re1
{[%clk 0:13:40]} d6 {[%clk 0:15:46]} 10. Bd2 {[%clk 0:13:07]} e5 {[%clk 0:15:27]}
11. Nf3 {[%clk 0:11:56]} Bxc3 {[%clk 0:15:07]} 12. Bxc3 {[%clk 0:12:04]} Be6
{[%clk 0:15:15]} 13. Rc1 {[%clk 0:10:59]} Nbd7 {[%clk 0:15:14]} 14. b3
{[%clk 0:09:47]} Rfd8 {[%clk 0:15:06]} 15. Qe2 {[%clk 0:09:25]} Nf8
{[%clk 0:15:02]} 16. Bd2 {[%clk 0:09:07]} Ng6 {[%clk 0:14:47]} 17. g3
{[%clk 0:08:33]} Bg4 {[%clk 0:14:43]} 18. Qe3 {[%clk 0:08:06]} Qc5
{[%clk 0:14:20]} 19. Kg2 {[%clk 0:08:01]} Qxe3 {[%clk 0:13:41]} 20. Bxe3
{[%clk 0:08:09]} Nd7 {[%clk 0:13:48]} 21. h3 {[%clk 0:07:11]} Bxf3+
{[%clk 0:13:50]} 22. Kxf3 {[%clk 0:07:20]} Nc5 {[%clk 0:13:58]} 23. Bc2
{[%clk 0:06:36]} Ne7 {[%clk 0:13:58]} 24. b4 {[%clk 0:06:21]} Ne6
{[%clk 0:13:58]} 25. Ba4 {[%clk 0:06:01]} a5 {[%clk 0:07:47]} 26. Bb6
{[%clk 0:05:21]} Rf8 {[%clk 0:07:33]} 27. bxa5 {[%clk 0:04:40]} Nc5
{[%clk 0:07:36]} 28. Bc2 {[%clk 0:03:57]} Nc6 {[%clk 0:07:43]} 29. Red1
{[%clk 0:03:09]} Nd4+ {[%clk 0:07:38]} 30. Ke3 {[%clk 0:03:07]} Rfc8
{[%clk 0:07:41]} 31. Bd3 {[%clk 0:02:50]} g6 {[%clk 0:06:31]} 32. h4
{[%clk 0:02:25]} Kg7 {[%clk 0:05:23]} 33. Bf1 {[%clk 0:02:26]} f5
{[%clk 0:04:56]} 34. exf5 {[%clk 0:02:12]} gxf5 {[%clk 0:05:05]} 35. Bg2
{[%clk 0:02:16]} Kf6 {[%clk 0:03:05]} 36. Bd5 {[%clk 0:02:06]} Nc6
{[%clk 0:02:26]} 37. Bxc6 {[%clk 0:01:27]} Rxc6 {[%clk 0:02:34]} 38. Rd5
{[%clk 0:01:24]} Nd7 {[%clk 0:02:20]} 39. Rcd1 {[%clk 0:01:16]} Ke6
{[%clk 0:02:29]} 40. R1d2 {[%clk 0:00:37]} Nxb6 {[%clk 0:02:08]} 41. axb6
{[%clk 0:00:46]} Rxb6 {[%clk 0:02:17]} 42. c5 {[%clk 0:00:55]} dxc5
{[%clk 0:01:59]} 43. Rxc5 {[%clk 0:01:05]} Rd6 {[%clk 0:01:51]} 44. Rb2
{[%clk 0:01:09]} Ra3+ {[%clk 0:01:39]} 45. Ke2 {[%clk 0:01:18]} f4
{[%clk 0:01:14]} 46. gxf4 {[%clk 0:01:21]} exf4 {[%clk 0:01:18]} 47. Rh5
{[%clk 0:01:16]} f3+ 48. Ke1 Rc3 {[%clk 0:00:14]} 49. Rh6+ {[%clk 0:01:32]} Kd5
{[%clk 0:00:17]} 50. Rd2+ {[%clk 0:01:41]} 1-0

[Event "Schools-U15-17Open"]
[Site "Tehran2016"]
[Date "2016.07.10"]
[Round "7.7"]
[White "Fendereski, Nima"]
[Black "Vakhidov, Daler"]
[Result "1-0"]
[BlackElo "1918"]
[WhiteElo "2096"]
[LiveChessVersion "1.4.8"]

1. e4 c5 2. Nf3 Nc6 3. Bb5 g6 4. Bxc6 bxc6 5. O-O Bg7 6. Re1 e5 7. c3 Ne7 8. d4
cxd4 9. cxd4 exd4 10. Nxd4 O-O 11. Nc3 Rb8 12. Nb3 Qc7 13. Bg5 d6 14. Rc1 Qd7 15.
Qd2 Qe6 16. Nd4 Bxd4 17. Qxd4 c5 18. Qd2 Nc6 19. Nd5 h5 20. Bh6 Rd8 21. Qf4 Qe5
22. Qh4 Be6 23. Bg5 Qxb2 24. Bxd8 Rxd8 25. Rcd1 Rb8 26. Nf4 Qxa2 27. Rxd6 Nd4 28.
Rd8+ Rxd8 29. Qxd8+ Kg7 30. Qc7 Qd2 31. Nxe6+ Nxe6 32. Qe5+ f6 33. Qa1 Nd4 34.
Qxa7+ Kh6 35. Qa1 Nc2 36. Qc1 1-0

[Event "Schools-U15-17Open"]
[Site "Tehran2016"]
[Date "2016.07.10"]
[Round "7.8"]
[White "Kazemiyan Eski, Abolfazl"]
[Black "Hejrati, Mohammad Mahdi"]
[Result "1-0"]
[BlackElo "1898"]
[WhiteElo "2101"]
[LiveChessVersion "1.4.8"]

1. e4 c5 2. d4 cxd4 3. c3 Nf6 4. e5 Nd5 5. cxd4 d6 6. Nf3 Nc6 7. Bc4 dxe5 8. Nxe5
e6 9. O-O Bd6 10. Re1 O-O 11. Nf3 Nce7 12. Nc3 Nxc3 13. bxc3 b6 14. Bd3 h6 15. c4
Bb7 16. Bb2 Qc7 17. h3 Rac8 18. Rc1 Qb8 19. Bb1 Bf4 20. Rc3 Rfe8 21. Qd3 g6 22.
Rb3 Ba6 23. Rb4 Nc6 24. Ra4 Na5 25. Nd2 Bxd2 26. Qxd2 Kh7 27. Bc1 Rxc4 28. Qxh6+
Kg8 29. Bxg6 fxg6 30. Qxg6+ Kh8 31. Qf6+ Kg8 32. Rxc4 Bxc4 33. Re4 Be2 34. Qg6+
Kf8 35. Bh6+ Ke7 36. Qxe6+ 1-0

[Event "Schools-U15-17Open"]
[Site "Tehran2016"]
[Date "2016.07.10"]
[Round "7.9"]
[White "Quizon, Daniel"]
[Black "Saberi, Mahan"]
[Result "1-0"]
[BlackElo "1971"]
[WhiteElo "1583"]
[LiveChessVersion "1.4.8"]

1. e4 {[%clk 0:15:20]} c5 {[%clk 0:15:19]} 2. Nc3 {[%clk 0:15:24]} g6
{[%clk 0:15:24]} 3. g3 {[%clk 0:15:33]} Bg7 {[%clk 0:15:33]} 4. f4
{[%clk 0:15:42]} e6 {[%clk 0:15:43]} 5. Bg2 {[%clk 0:15:50]} Ne7 {[%clk 0:15:51]}
6. Nf3 {[%clk 0:15:59]} Nbc6 {[%clk 0:16:00]} 7. O-O {[%clk 0:16:07]} O-O
{[%clk 0:16:02]} 8. d3 {[%clk 0:16:16]} f5 {[%clk 0:16:11]} 9. Be3
{[%clk 0:16:11]} d6 {[%clk 0:16:18]} 10. Qd2 {[%clk 0:16:07]} Nd4
{[%clk 0:16:12]} 11. Rab1 {[%clk 0:15:54]} Nec6 {[%clk 0:16:12]} 12. a3
{[%clk 0:15:53]} a5 {[%clk 0:16:10]} 13. exf5 {[%clk 0:15:28]} Nxf5
{[%clk 0:16:01]} 14. Bf2 {[%clk 0:15:34]} Nfd4 {[%clk 0:15:36]} 15. Nxd4
{[%clk 0:15:19]} Nxd4 {[%clk 0:15:43]} 16. Ne4 {[%clk 0:13:41]} Qc7
{[%clk 0:14:33]} 17. c3 {[%clk 0:13:07]} Nb3 {[%clk 0:14:27]} 18. Qc2
{[%clk 0:13:16]} a4 {[%clk 0:14:36]} 19. Rbe1 {[%clk 0:13:25]} Bd7
{[%clk 0:13:38]} 20. Re2 {[%clk 0:11:41]} Rae8 {[%clk 0:13:17]} 21. Rfe1
{[%clk 0:11:47]} h6 {[%clk 0:13:21]} 22. Nd2 {[%clk 0:11:43]} Nxd2
{[%clk 0:13:26]} 23. Qxd2 {[%clk 0:11:51]} Kh7 {[%clk 0:13:03]} 24. d4
{[%clk 0:11:50]} cxd4 {[%clk 0:12:15]} 25. Bxd4 {[%clk 0:09:40]} e5
{[%clk 0:12:03]} 26. fxe5 {[%clk 0:09:28]} dxe5 {[%clk 0:12:12]} 27. Bf2
{[%clk 0:09:33]} Bc6 {[%clk 0:12:07]} 28. Bxc6 {[%clk 0:09:05]} Qxc6 29. Qe3
{[%clk 0:09:14]} Rf5 {[%clk 0:11:47]} 30. Qe4 {[%clk 0:09:15]} Qd7
{[%clk 0:11:22]} 31. Be3 {[%clk 0:09:03]} Ref8 {[%clk 0:11:12]} 32. Rd2
{[%clk 0:09:07]} Qb5 {[%clk 0:11:12]} 33. c4 {[%clk 0:08:30]} Qa6
{[%clk 0:10:45]} 34. Red1 {[%clk 0:08:24]} Qf6 {[%clk 0:10:23]} 35. Kg2
{[%clk 0:07:23]} Rf7 {[%clk 0:09:57]} 36. Rd6 {[%clk 0:06:36]} Qe7
{[%clk 0:09:42]} 37. c5 {[%clk 0:05:39]} Qe8 {[%clk 0:09:47]} 38. g4
{[%clk 0:04:43]} R5f6 {[%clk 0:09:53]} 39. Rxf6 {[%clk 0:04:45]} Bxf6
{[%clk 0:09:59]} 40. Rf1 {[%clk 0:03:45]} Qb5 {[%clk 0:08:58]} 41. Rf2
{[%clk 0:03:11]} Kg7 {[%clk 0:09:06]} 42. Qd5 {[%clk 0:02:43]} Rd7
{[%clk 0:08:26]} 43. Qe6 {[%clk 0:02:42]} Qc6+ {[%clk 0:08:04]} 44. Qxc6
{[%clk 0:02:43]} bxc6 {[%clk 0:08:13]} 45. Bxh6+ {[%clk 0:02:51]} Kxh6
{[%clk 0:08:21]} 46. Rxf6 {[%clk 0:03:00]} Rd2+ {[%clk 0:08:29]} 47. Rf2
{[%clk 0:02:24]} Rd4 {[%clk 0:08:39]} 48. Re2 {[%clk 0:01:21]} Rxg4+
{[%clk 0:08:45]} 49. Kh3 {[%clk 0:01:22]} Rg5 {[%clk 0:08:52]} 50. Re4
{[%clk 0:01:30]} Rg1 {[%clk 0:07:30]} 51. Rxa4 {[%clk 0:01:24]} Rc1
{[%clk 0:07:27]} 52. b4 {[%clk 0:01:16]} e4 {[%clk 0:07:25]} 53. Kg3
{[%clk 0:01:14]} Kg5 {[%clk 0:07:33]} 54. Ra6 {[%clk 0:00:50]} Rc3+
{[%clk 0:07:37]} 55. Kf2 {[%clk 0:00:59]} Kf4 {[%clk 0:07:45]} 56. Rxc6
{[%clk 0:01:08]} Rc2+ {[%clk 0:07:23]} 57. Ke1 {[%clk 0:01:16]} Ke3
{[%clk 0:07:29]} 58. Kd1 {[%clk 0:01:25]} Rxh2 {[%clk 0:07:08]} 59. Rxg6
{[%clk 0:01:33]} Ra2 {[%clk 0:07:11]} 60. c6 {[%clk 0:01:36]} Rxa3
{[%clk 0:06:49]} 61. Rg3+ {[%clk 0:01:42]} 1-0